Orhan Veli Kanık / (Record no. 13251)

MARC details
000 -BAŞLIK
Sabit Uzunlukta Kontrol Alanı 00802nam a22002417a 4500
999 ## - SİSTEM KONTROL NUMARALARI (KOHA)
Koha Biblionumber 13251
Koha Biblioitemnumber 13251
003 - KONTROL NUMARASI IDENTIFIER
Denetim Alanı MIRAKIL
005 - SON İŞLEM TARİHİ VE ZAMANI
Denetim Alanı 20190516155557.0
008 - SABİT-BOY VERİ ELEMANLARI - GENEL BİLGİLER
Sabit Uzunlukta Kontrol Alanı 190516b tu ||||| |||| 00| 0 tur d
020 ## - ULUSLARARASI STANDART KİTAP NUMARASI
Uluslararası Standart Kitap Numarası 9789751735829
040 ## - KATALOGLAMA KAYNAK
Metne Dönüştürmek Ajansı TR-AnCHP
Orijinal Kataloglama Ajansı TR-AnCHP
041 ## - DİL KODU
Metin / Ses Parça Veya Ayrı Başlığın Dil Kodu tur
082 ## - DEWEY ONLU SINIFLANDIRMA NUMARASI
Sınıflandırma Numarası 928.94335
Ürün Numarası O63 2015
245 10 - BAŞLIK TABLOSU
Başlık Orhan Veli Kanık /
Sorumluluk Tablosu, Vb editör Semih Gümüş.
250 ## - EDITION TABLOSU
Baskı Beyanı 2. bs.
260 ## - YAYIN, DAĞITIM, VB
Yayın, Dağıtım, Vb Yeri Ankara :
Yayıncı, Dağıtıcı, Vs Adı T.C. Kültür ve Turizm Bakanlığı,
Yayın, Dağıtım, Vb Tarihi 2015.
300 ## - FİZİKSEL TANIM
Kapsam 456 s. :
Diğer Fiziksel Ayrıntıları res. ;
Boyutlar 21 sm.
440 #0 - SERİSİ TABLOSU / KATMA GİRİŞİ - BAŞLIK
Başlık Kültür ve Turizm Bakanlığı yayınları.
Hacim / Ardışık Tanımı 3314.
490 0# - SERİSİ TABLOSU
Seri Beyanı Anma ve Armağan Kitapları dizisi ;
Hacim / Ardışık Tanımı 32.
600 #0 - KONU KATMA GİRİŞ - KURUMSAL ADI
Kişisel Ad Kanık, Orhan Veli
Bir Adıyla İlişkilendirilen Tarihler 1914-1950
Genel Alt Bölümü yaşamöyküsü
9 (RLIN) 5755
650 #0 - KONU KATMA GİRİŞ - TOPİKAL DÖNEM
Topikal Süreli Veya Coğrafi Ad Giriş Elemanı Yazarlar, Türk
Kronolojik Alt Bölümü 20 yy.
9 (RLIN) 5390
Genel Alt Bölümü yaşamöyküsü
700 ## - KATMA GİRİŞ - KİŞİSEL İSİM
Kişisel Ad Gümüş, Semih
Relator Terim ed.
9 (RLIN) 5756
942 ## - EKLENDİ GİRİŞ ELEMANLARI (KOHA)
Sınıflandırma Veya Raf Düzeni Kaynak Dewey Decimal Classification
Koha Öğesi Türü Books
Holdings
Kalıcı Konum Mevcut Konum Edinme Tarihi Toplam Check-Out'Lar Tam Çağrı Numarası Barkod Tarih Son Görülme İtibaren Geçerli Fiyatlar Koha Öğesi Türü
CHP Kütüphanesi CHP Kütüphanesi 05/16/2019   928.94335 O63 2015 003942 05/16/2019 05/16/2019 Books